000 00800nam a2200253Ia 4500
003 GCL
008 140319s9999 xx 000 0 ara d
040 _aGCL /
_cGCL
082 0 4 _a346.04
_bس ش
100 1 _aسليمان مرقس
245 1 0 _aشرح قانون ايجار الاماكن: وتنظيم العلاقة بين المؤجر والمستاجر /
_cسليمان مرقس
700 1 _aالفى بقطر حبشى
260 _a[S.N] :
_bالمجالس ،
_c1992
300 _a1096 ص
490 _a
650 0 4 _aالقانون
650 0 4 _aالقانون المدنى
650 0 4 _aالمساكن
650 0 4 _aعقود الايجار
650 0 4 _aتأجير المساكن
650 0 4 _aالتأجير
650 0 4 _aالمالك والمستاجر
942 _2ddc
_cBK
999 _c54713
_d54713